| 000 | 00632nam a2200241Ia 4500 | ||
|---|---|---|---|
| 008 | 180523s9999 xx 000 0 und d | ||
| 020 | _a978-0-07-175024-0 | ||
| 050 | _aMAIN TL 725.3 | ||
| 050 | _b.P5Y68 2011 | ||
| 100 | _aYoung, Seth B. | ||
| 245 | 0 | _aAirport planning and management / | |
| 245 | 0 | _cSeth B. Young, Alexander T. Wells. | |
| 250 | _a6th Edition | ||
| 260 | _aNew York : | ||
| 260 | _bMcGraw-Hill, | ||
| 260 | _c2011 | ||
| 300 | _a588 pages : | ||
| 300 | _billustrations ; | ||
| 300 | _c24 cm. | ||
| 500 | _aIncludes index. | ||
| 650 | _aAirports -- Planning. | ||
| 650 | _xAirports -- Management. | ||
| 999 |
_c357702 _d357702 |
||